000 00972cam a2200205 4500
001 ABS64799
008 011121n2001 000 0 eng u
035 _a(Sirsi) u115673
100 _aBartlett, K.
245 4 _aThe Joseph Rowntree Foundation land inquiry
260 _c2001
490 _aAxis
_v56(5) October-November 2001, 6-10(5)
520 _aPreview of a report commissioned two years ago by the Joseph Rowntree Foundation about issues affecting land supply for housing in England. The report is not just a research document, but aims to highlight issues in current policy and suggest ways forward. Argues that government still does not take seriously the case for more housing in the south and the resources needed to provide affordable homes. The report will be published later in 2001.
590 _aABS
650 _aJOSEPH ROWNTREE FOUNDATION
650 _aLAND SUPPLY
650 _aGOVERNMENT POLICY
690 _aHOUSING-DEVELOPMENT
942 _n0
999 _c68893
_d68893